Normal view
MARC view
- Kepel, Gilles
Entry Personal Name
001 - CONTROL NUMBER
- control field: 73360
003 - CONTROL NUMBER IDENTIFIER
- control field: NUST
005 - DATE AND TIME OF LATEST TRANSACTION
- control field: 20210628205016.0
008 - FIXED-LENGTH DATA ELEMENTS
- fixed length control field: 210628|| aca||aabn | a|a d
040 ## - CATALOGING SOURCE
- Original cataloging agency: NUST
- Transcribing agency: NUST
100 ## - HEADING--PERSONAL NAME
- Personal name: Kepel, Gilles
670 ## - SOURCE DATA FOUND
- Source citation: Work cat.: (NUST): Kepel, Gilles, The war for muslim minds, islam and the west, 2004
